The history of Tom Jones: a foundling

Saved in:
Bibliografiske detaljer
Hovedforfatter: Fielding, Henry (Author)
Format: Bog
Sprog:engelsk
Udgivet: Hemel Hempstead Wordsworth Editions 1999
Udgivelse:1a. ed
Serier:Wordsworth Classics
Fag:
Tags: Tilføj Tag
Ingen Tags, Vær først til at tagge denne postø!

MARC

LEADER 00000cam a2200000 a 4500
001 UCC0100
003 CL-VaPUC
008 170721e19990000uk |||||||||||||||||eng|d
020 |a 1853260215 
082 0 4 |a 823  |b FIE  |2 21 
100 0 |a Fielding, Henry  |e author  |9 321128 
245 1 4 |a The history of Tom Jones: a foundling 
250 |a 1a. ed 
300 |a 734 p 
942 |c BK 
945 |d 20170721 23:47:00  |a dcastane 
260 |a Hemel Hempstead  |b Wordsworth Editions  |c 1999 
650 0 |a Novelas inglesas  |9 265220 
650 0 |a Literatura inglesa  |9 312907 
583 |a last modification  |c 20170721 23:47:00  |k Rodrigo Vera 
490 0 |a Wordsworth Classics 
999 |c 369048  |d 369046 
952 |0 0  |1 0  |3 erb  |4 0  |6 823_000000000000000_FIE_1999  |7 0  |8 A  |9 484584  |a BIBEDU  |b BIBEDU  |i 5408997  |o 823 FIE 1999  |p 5408997  |r 2019-11-24  |w 2019-11-24  |y BK  |z Catalogado en:20170721  |k LIT